000 00202 a2200097 4500
001 83871
090 _c40038
_d40037
100 _aRaza Ali Aabdi
245 _aGernaili Sarrak
260 _bSang-e-Meel Publications
942 _aNUST-CAE
999 _c318944
_d318944